000 00693nam a22001933a 4500
005 20240920063853.0
008 011016s1996 fr r 000 0 eng d
035 _aUPN01000114213
049 _aUNE
050 4 _aLB2826.6 C2.3
_bW6.4
100 1 _aWoodhall, Maureen
_929550
245 1 0 _aFinancing education in the Caribbean countries :
_breport of an IIEP educational forum /
_cMaureen Woodhall.
260 _aParis :
_bUNESCO, International Institute for Educational Planning,
_c1996.
300 _avii, 326 p. :
_btablas
440 0 _aEducational forum series ;
_v6
650 4 _aEducación
_zCaribe (Región)
_915036
650 4 _aEducación
_xAspectos económicos
_911820
905 _aLibro
999 _c88121
_d88121